000 00716nam a22001935i 4500
001 98812
003 ES-MaACL
005 20250824074916.0
007 t|
008 950918s1896 sp ||||1| spa d
100 1 _aEchegaray, José,
_d1832-1916
_946526
245 1 3 _aLa cantante callejera :
_bapropósito lírico en un cuadro y en prosa /
_cescrito... por José Echegaray.
260 _aMadrid :
_bFlorencio Fiscowich,
_c1896.
300 _a16 p. ;
_c20 cm.
490 1 _aEl teatro: colección de obras dramáticas y líricas
830 1 3 _aEl teatro: colección de obras dramática y líricas
_9221753
852 4 _aES-MaACL
_jB-3101(1)
_z- Dedicatoria autógrafa del autor
999 _c98812
_d98812